<?xml version="1.0" encoding="UTF-8"?>
<marc:record xmlns:marc="http://www.loc.gov/MARC21/slim">
   <marc:leader>00000nam a2200000 a 4500</marc:leader>
   <marc:datafield ind1="1" ind2=" " tag="100">
      <marc:subfield code="a">Glynn, Connie</marc:subfield>
      <marc:subfield code="4">aut</marc:subfield>
      <marc:subfield code="e">Verfasser/-in</marc:subfield>
   </marc:datafield>
   <marc:datafield ind1="0" ind2="0" tag="245">
      <marc:subfield code="a">Prinzessin Undercover, Bd. 1</marc:subfield>
   </marc:datafield>
   <marc:datafield ind1="0" ind2="0" tag="245">
      <marc:subfield code="c">Glynn, Connie</marc:subfield>
   </marc:datafield>
   <marc:datafield ind1=" " ind2="1" tag="264">
      <marc:subfield code="c">2018</marc:subfield>
   </marc:datafield>
   <marc:datafield ind1="1" ind2=" " tag="520">
      <marc:subfield code="a">Ellie ist eine echte Prinzessin, die sich nichts mehr wünscht, als ein normales Leben zu führen. Lottie ist ein ganz normales Mädchen, das sich nichts mehr wünscht, als Prinzessin zu sein. &#xD;
Als sich ausgerechnet diese beiden im Internat Rosewood Hall ein Zimmer teilen müssen, liegt die Lösung auf der Hand: Sie tauschen heimlich die Rollen. &#xD;
Doch in Rosewood ist auch sonst nicht jeder, wer er zu sein scheint, und eine Geheimorganisation hat es auf die Prinzessin abgesehen - ohne zu wissen, welche nun die echte ist ...</marc:subfield>
   </marc:datafield>
   <marc:datafield ind1=" " ind2=" " tag="020">
      <marc:subfield code="a">9783737341288</marc:subfield>
      <marc:subfield code="9">9783737341288</marc:subfield>
   </marc:datafield>
   <marc:datafield ind1=" " ind2=" " tag="020">
      <marc:subfield code="a">3737341281</marc:subfield>
      <marc:subfield code="9">3737341281</marc:subfield>
   </marc:datafield>
   <marc:datafield ind1=" " ind2=" " tag="338">
      <marc:subfield code="a">Band</marc:subfield>
   </marc:datafield>
   <marc:datafield ind1=" " ind2=" " tag="300">
      <marc:subfield code="a">394 S.</marc:subfield>
   </marc:datafield>
</marc:record>
